00820nam a2200205 i 4500001000700000003000900007005001700016007000300033008004100036100003800077245010200115260003100217300003600248500006600284700003400350710005300384852003200437999001900469952012600488101262ES-MaACL20230906182847.0t|051017s1959 sp ||||1| spa d1 aMáximo del Cosso, Celso.97930710aResistencia de materiales / cpor Celso Máximo del Cosso; prólogo de D. Marcial de Bustinduy. aMadrid : bDossat, c1959. aXVII, 489 p. : bil. ; c26 cm. aPrecede al tít.: Escuela de Peritos Industriales de Madrid.1 aBustinduy, Marcial de.9329032 aEscuela de Peritos Industriales de Madrid.93560 aES-MaACLjC-16519 bR.45012 c101262d101262 00104070aATENEOMbATENEOMcGaleríad2008-01-17eSCl0oC-16519p1105720r2023-02-23 00:00:00w2023-02-23yMONOGRAFIA